000 00290nam a22001337a 4500
008 181217b xxu||||| |||| 00| 0 eng d
020 _a9780201477115
041 _aeng
080 _a004
100 _a37
101 _aSHK
245 _aComputer Networking
_cKurose.J.F
942 _2udc
_cBK
999 _c53178
_d53178